Una casa en Walden : y otros ensayos sobre Thoreau y cultura contemporánea /

Salvato in:
Dettagli Bibliografici
Autore principale: Casado da Rocha, Antonio (autor)
Natura: Libro
Lingua:spagnolo
Pubblicazione: Logroño, España : Pepitas de Calabaza, 2017, c2017
Soggetti:
Tags: Aggiungi Tag
Nessun Tag, puoi essere il primo ad aggiungerne!!

MARC

LEADER 00000nam^a2200000^a^4500
001 000399801
005 20250521000000.0
009 20260310121601.333
020 |a 978-84-15862-85-7 
037 |a Acervo ITESO - Biblioteca 
041 |a ESP 
082 |a 810. 9  |b CAS 
100 |a Casado da Rocha, Antonio  |e (autor) 
245 1 4 |a Una casa en Walden :  |b y otros ensayos sobre Thoreau y cultura contemporánea /  |c A. Casado da Rocha. 
264 4 |a Logroño, España :  |b Pepitas de Calabaza,  |c 2017, c2017 
300 |a 155 p. 
336 |a texto  |b txt  |2 rdacontenido 
337 |a sin mediación  |b n  |2 rdamedio 
338 |a volumen  |b nc  |2 rdasoporte 
521 |a FIL 2017 EEnlace Desarrollo Educativo 
545 0 |a Henry David Thoreau (Concord, Massachusetts, 1817-1862), escritor norteamericano, considerado uno de los exponentes centrales del trascendentalismo. Estudió en el Harvard College (1833-37) y regresó después a su localidad natal, donde inició la escritura de su Diario (1837, edición póstuma de 1906) y conoció a Ralph Waldo Emerson, quien le introdujo a otras voces del trascendentalismo, como Bronson Alcott, Ellery Channing y Margaret Fuller. Acometió una experiencia vital de aislamiento y austeridad a orillas del estanque Walden (1845-47), que originará la célebre introspección personal Walden o la vida en los bosques (1854). Publicó, sin embargo, anteriormente el ensayo Desobediencia civil (1849), motivado por sus desacuerdos con la pervivencia de la esclavitud en Estados Unidos y la Invasión Norteamericana a México (1846-48). Otros de sus títulos son Musketaquid (1849), Caminar (traducido también como Pasear y como El arte de caminar, 1861), Colores de otoño (1862), Las manzanas silvestres (1862), Una vida sin principios (1863), Los bosques de Maine (1864), Cape Cod (1865) y Un yanqui en Canadá (1866). Fue un creador de una prosa transparente y un pensador, influido por la filosofía y religiosidad de la India, que se ocupó de la relación del sujeto con la naturaleza y del individuo con el Estado. Considerado un precursor del ecologismo, sus ideas han sido asimismo muy influyentes en el pacifismo y el anarquismo. 
649 |a XX 
650 |a Escritores Norteamericanos -  |x Biografías 
650 |a Ensayos Norteamericanos 
650 |a Literatura Norteamericana -  |x Historia y Crítica 
650 |a Literatura Norteamericana -  |y Siglo XIX 
650 |a Trascendentalismo -  |z EUA -  |x Tema Principal 
650 |a Filosofía y Literatura -  |z EUA -  |x Historia y Crítica 
650 |a Filosofía del Siglo XIX -  |z EUA -  |x Historia y Crítica 
650 |a Filosofía Norteamericana -  |x Historia y Crítica 
650 |a Thoreau, Henry David -  |x Tema Principal 
910 |a Fondo General 
920 |a Impresos - Libros 
930 |a Colección General 
940 |a Literatura 
905 |a 101 
901 |a 0500295076  |b IT1  |c LIT  |i c158374  |u 20250521 
902 |a https://opac.biblio.iteso.mx/vufind/Record/000399801